<?xml version="1.0" encoding="UTF-8"?>
<record
    xmlns:xsi="http://www.w3.org/2001/XMLSchema-instance"
    xsi:schemaLocation="http://www.loc.gov/MARC21/slim http://www.loc.gov/standards/marcxml/schema/MARC21slim.xsd"
    xmlns="http://www.loc.gov/MARC21/slim">

  <leader>00729cam a22002411  4500</leader>
  <controlfield tag="001">ne 68002370 </controlfield>
  <controlfield tag="003">DLC</controlfield>
  <controlfield tag="005">20260227111843.0</controlfield>
  <controlfield tag="008">811109s1966    ua       b    000 0 egyr </controlfield>
  <datafield tag="010" ind1=" " ind2=" ">
    <subfield code="a">ne 68002370 </subfield>
  </datafield>
  <datafield tag="025" ind1=" " ind2=" ">
    <subfield code="a">PL480:UAR-8779</subfield>
  </datafield>
  <datafield tag="035" ind1=" " ind2=" ">
    <subfield code="a">(OCoLC)7917898</subfield>
  </datafield>
  <datafield tag="040" ind1=" " ind2=" ">
    <subfield code="a">DLC</subfield>
    <subfield code="c">MnM</subfield>
    <subfield code="d">DLC</subfield>
  </datafield>
  <datafield tag="042" ind1=" " ind2=" ">
    <subfield code="a">premarc</subfield>
  </datafield>
  <datafield tag="050" ind1="0" ind2="0">
    <subfield code="a">PJ7832.I2</subfield>
    <subfield code="b">Z69</subfield>
  </datafield>
  <datafield tag="100" ind1="1" ind2=" ">
    <subfield code="a">&#x1E24;usayn, &#x2BB;Ali &#x1E62;&#x101;f&#x12B;.</subfield>
  </datafield>
  <datafield tag="245" ind1="1" ind2="0">
    <subfield code="a">Ibn al-K&#x12B;z&#x101;n&#x12B; al-sh&#x101;&#x2BB;ir al-&#x1E63;&#x16B;f&#x12B;.</subfield>
    <subfield code="c">&#x2BB;Al&#x12B; &#x1E62;&#x101;f&#x12B; &#x1E24;usayn.</subfield>
  </datafield>
  <datafield tag="260" ind1=" " ind2=" ">
    <subfield code="a">[Cairo]</subfield>
    <subfield code="b">D&#x101;r al-Ma&#x2BB;&#x101;rif</subfield>
    <subfield code="c">[1966]</subfield>
  </datafield>
  <datafield tag="300" ind1=" " ind2=" ">
    <subfield code="a">143 p.</subfield>
    <subfield code="c">24 cm.</subfield>
  </datafield>
  <datafield tag="440" ind1=" " ind2="0">
    <subfield code="a">Maktabat al-dir&#x101;s&#x101;t al-adab&#x12B;yah,</subfield>
    <subfield code="v">39</subfield>
  </datafield>
  <datafield tag="504" ind1=" " ind2=" ">
    <subfield code="a">Bibliography: p. 138-139.</subfield>
  </datafield>
  <datafield tag="600" ind1="2" ind2="0">
    <subfield code="a">Ibn al-K&#x12B;z&#x101;n&#x12B;, Mu&#x1E25;ammad ibn Ibr&#x101;h&#x12B;m,</subfield>
    <subfield code="d">-1166.</subfield>
  </datafield>
  <datafield tag="999" ind1=" " ind2=" ">
    <subfield code="c">50506</subfield>
    <subfield code="d">50506</subfield>
  </datafield>
</record>
